| 000 | 01431nac a22003131u 4500 | ||
|---|---|---|---|
| 010 | _a 2006013530 | ||
| 020 | _a1591408512 (hardcover) | ||
| 020 | _a1591408520 (softcover) | ||
| 020 | _a1591408539 (ebook) | ||
| 020 | _a9781591408529 | ||
| 035 | _a(OCoLC)ocm67840181 | ||
| 082 | 0 | 0 |
_a005.14 _bDAS |
| 090 |
_c6250 _d6250 |
||
| 100 | _aDasso, Aristides . | ||
| 245 | 0 | 0 |
_aVerification, validation and testing in software engineering / _cAristides Dasso, Ana Funes [editors]. |
| 260 |
_aHershey, PA : _bIdea Group Pub.,c2007. _cc2007. |
||
| 300 |
_axi, 428 p. : _bill. ; _c26 cm. |
||
| 500 | _aDistributer: AcademicBookShop. | ||
| 504 | _aIncludes bibliographical references and index. | ||
| 511 | _aCatalogued By: Mahitab. | ||
| 520 | _a"This book explores different applications in V & V that spawn many areas of software development -including real time applications- where V & V techniques are required, providing in all cases examples of the applications"--Provided by publisher. | ||
| 650 | 0 |
_aComputer software _xValidation. |
|
| 650 | 0 |
_aComputer software _xVerification. |
|
| 650 | 0 |
_aComputer software _xTesting. |
|
| 700 | 1 |
_aFunes, Ana, _d1964- |
|
| 856 | 4 | 1 |
_3Table of contents _uhttp://www.loc.gov/catdir/toc/ecip0612/2006013530.html |
| 942 |
_cBB _k005.14DAS |
||
| 999 |
_c6250 _d6250 |
||